04492nam a2200589 a 450000100100000000500170001000800410002702000150006804000250008308200220010811000320013024000210016224501260018326000940030930000170040350000570042050501910047759000260066865000560069465000360075065100670078665100590085365100670091270000310097970000430101071000560105391000380110995201250114795201250127295201250139795201250152295201250164795201250177295201250189795201250202295201250214795201230227295201230239595201230251895201230264195201080276495201160287295201100298895201160309895201100321495201140332495201160343895201080355495201140366295201090377699900170388500004351320240313073818.0140320s2007 dr r 001 0 spa d a9945412051 aDO-SdBNPbspacBNPHU a341.377293bR426t1 aRepública Dominicana944710a[Tratados, etc.]10aTratados y acuerdos internacionales de la República Dominicana /ceditora Aida Montero; prólogo Rosa Campillo Celado. aSanto Domingo :bFUNGLODE/Centro de Documentación & Gestión del Conocimiento ,c2007. av. ;c26 cm. aLa biblioteca posee los volúmenes 4, 9, 11, 12, 130 gv.4.tTratados culturales --gv.9.tTratados laborales --gv.11.tTratados sobre propiedad intelectualgv.12.tTratados sanitarios y sustancias sicotrópicasgv.13.tSeguridad colectiva aInventariado, 2018/BT 4aTratados comercialeszRepública Dominicana912395 4aNegociaciones comerciales99612 4aRepública DominicanaxRelaciones ExterioresvTRATADOS971218 4aRepública DominicanaxTratados Internacionales99650 4aRepública DominicanaxPolítica Y GobiernovTRATADOS97121912aMontero, Aida,eed.91021712aCampillo Celado, Rosa,epról.91021822aFundación Global Democracía y Desarrollo925477 aValidado. Control de calidad. MFF 001054708PDaGRbGRcHDd2018-06-14iLF1l0ov. 11, e. 3p43513-110r2020-06-25w2020-06-25yLFPDZPréstamo en sala 001054708PDaGRbGRcHDd2018-06-14iLF1l0ov. 11, e. 4p43513-120r2020-06-25w2020-06-25yLFPDZPréstamo en sala 001054708PDaGRbGRcHDd2018-06-14iLF1l0ov. 11, e. 5p43513-130r2020-06-25w2020-06-25yLFPDZPréstamo en sala 001054708PDaGRbGRcHDd2018-06-14iLF1l0ov. 12, e. 3p43513-160r2020-06-25w2020-06-25yLFPDZPréstamo en sala 001054708PDaGRbGRcHDd2018-06-14iLF1l0ov. 12, e. 4p43513-170r2020-06-25w2020-06-25yLFPDZPréstamo en sala 001054708PDaGRbGRcHDd2018-06-14iLF1l0ov. 12, e. 5p43513-180r2020-06-25w2020-06-25yLFPDZPréstamo en sala 001054708PDaGRbGRcHDd2018-06-14iLF1l0ov. 13, e. 3p43513-210r2020-06-25w2020-06-25yLFPDZPréstamo en sala 001054708PDaGRbGRcHDd2018-06-14iLF1l0ov. 13, e. 4p43513-220r2020-06-25w2020-06-25yLFPDZPréstamo en sala 001054708PDaGRbGRcHDd2018-06-14iLF1l0ov. 13, e. 5p43513-230r2020-06-25w2020-06-25yLFPDZPréstamo en sala 001054708PDaGRbGRcHDd2014-03-20iLF1l0ov. 4, e. 3p43513-30r2020-06-25w2020-06-25yLFPDZPréstamo en sala 001054708PDaGRbGRcHDd2018-06-14iLF1l0ov. 9, e. 3p43513-60r2020-06-25w2020-06-25yLFPDZPréstamo en sala 001054708PDaGRbGRcHDd2018-06-14iLF1l0ov. 9, e. 4p43513-70r2020-06-25w2020-06-25yLFPDZPréstamo en sala 001054708PDaGRbGRcHDd2018-06-14iLF1l0ov. 9, e. 5p43513-80r2020-06-25w2020-06-25yLFPDZPréstamo en sala 0010718PDaPDbPDcHDd2014-03-20iLF1l0ov. 4p43513-10r2020-06-25w2020-06-25yLFPDZNo se presta 0010718PDaPDbPDcHDd2018-06-14iLF1l0ov. 11, e. 2p43513-100r2020-06-25w2020-06-25yLFPDZNo se presta 0010718PDaPDbPDcHDd2018-06-14iLF1l0ov. 12p43513-140r2020-06-25w2020-06-25yLFPDZNo se presta 0010718PDaPDbPDcHDd2018-06-14iLF1l0ov. 12, e. 2p43513-150r2020-06-25w2020-06-25yLFPDZNo se presta 0010718PDaPDbPDcHDd2018-06-14iLF1l0ov. 13p43513-190r2020-06-25w2020-06-25yLFPDZNo se presta 0010718PDaPDbPDcHDd2014-03-20iLF1l0ov. 4, e. 2p43513-20r2020-06-25w2020-06-25yLFPDZNo se presta 0010718PDaPDbPDcHDd2018-06-14iLF1l0ov. 13, e. 2p43513-200r2020-06-25w2020-06-25yLFPDZNo se presta 0010718PDaPDbPDcHDd2017-07-04iLF1l0ov. 9p43513-40r2020-06-25w2020-06-25yLFPDZNo se presta 0010718PDaPDbPDcHDd2017-07-04iLF1l0ov. 9, e. 2p43513-50r2020-06-25w2020-06-25yLFPDZNo se presta 0010718PDaPDbPDcHDd2018-06-14iLF1l0ov. 11p43513-90r2020-06-25w2020-06-25yLFPDZNo se presta c43002d43002